| 000 | 00884nam a2200229 i 4500 | ||
|---|---|---|---|
| 001 | 172468 | ||
| 003 | ES-MaACL | ||
| 005 | 20230906214926.0 | ||
| 008 | 090708s1986 sp |||| | spa d | ||
| 017 | _aM 16936-1986 | ||
| 020 | _a84-86133-13-0 | ||
| 080 | _a347.451.84.048(460):347.214.2 | ||
| 100 | 1 |
_aRodríguez García, Carlos-Javier. _998536 |
|
| 245 | 1 | 0 |
_aLa condición resolutoria, medio de garantía en las ventas inmobiliarias a plazos / _cCarlos-Javier Rodríguez García ; prólogo de José Beltrán de Heredia y Castaño. |
| 260 |
_aMadrid : _bDykinson, _c1986. |
||
| 300 |
_a358 p. ; _c23 cm. |
||
| 504 | _aBibliografía : p. 353-358. | ||
| 650 | 4 |
_aPropiedad inmobiliaria- _xCompraventa- _zEspaña. _916485 |
|
| 650 | 4 |
_aResolución (Derecho)- _zEspaña. _9141006 |
|
| 700 | 0 |
_aBeltrán de Heredia y Castaño, J. _927361 |
|
| 852 |
_aES-MaACL _jE-12779 _9R.143564 |
||
| 999 |
_c172468 _d172468 |
||